Geography Quiz

Random Geography or World Quiz

5-Star Bodies of Water Quiz Stats

 Plays Quiz Updated Oct 22, 2019

Score 0/25 Timer 05:00
49 Plays Today
% Correct
Atlantic
99.4%
Pacific
98.6%
Arctic
97.9%
Indian
96.7%
Nile
95.7%
Baltic
94.9%
Mediterranean
94.6%
Amazon
94.2%
Michigan
94.2%
San Francisco
93.9%
Superior
93.8%
Erie
93.6%
Black
93.2%
% Correct
Hudson
93%
Ontario
92.2%
Mississippi/Missouri
91.9%
Yangtze
91.5%
Huron
91.2%
Chesapeake
90.8%
Guantanamo
90%
Southern
88.8%
North
87.9%
Celtic
87.6%
Buzzards
75.9%
Yenisei/Angara
72.7%

You're not logged in!

Compare scores with friends on all Sporcle quizzes.
OR
Log In

Sporcle TV

Today on Sporcle TV


Watch our educational content, quiz creation guides, and fun videos on Sporcle TV.

Show Comments

Extras

Top Quizzes Today


Score Distribution

Your Account Isn't Verified!

In order to create a playlist on Sporcle, you need to verify the email address you used during registration. Go to your Sporcle Settings to finish the process.

Report this User

Report this user for behavior that violates our Community Guidelines.

Details: